000 002730000a22000970004500
100 1 _aHamilton, Gordon J.
245 1 0 _aA new interpretation of the end of 11QT III 3
300 _aVol. 39, Num. 4 (Octubre, 1989), Páginas 485-488
773 0 _tVetus Testamentum
942 _cANA
999 _c57599
_d57599